Геологи Московского университета: биографический справочник

Dades bibliogràfiques
Autor principal: Чернов В. Г. Вадим Георгиевич
Altres autors: Смирнов В. И. (редактор)
Idioma:rus
Publicat: Москва, Изд-во Московского ун-та, 1989
Matèries:
Format: MixedMaterials Llibre
KOHA link:https://koha.lib.tpu.ru/cgi-bin/koha/opac-detail.pl?biblionumber=109325

MARC

LEADER 00000nam0a2200000 4500
001 109325
005 20260121155804.0
035 |a (RuTPU)RU\TPU\book\118027 
090 |a 109325 
100 |a 20070207d1989 km y0rusy50 ca 
101 0 |a rus 
102 |a RU 
105 |a ac g 001zd 
200 1 |a Геологи Московского университета  |e биографический справочник  |f В. Г. Чернов  |g под ред. В. И. Смирнова 
210 |a Москва  |c Изд-во Московского ун-та  |d 1989 
215 |a 357 с.  |c ил. 
320 |a Литература: с. 324-351. 
606 |a Геологи  |x Персоналии  |9 83301 
610 1 |a Московский университет 
610 1 |a биографии 
610 1 |a справочники 
675 |a 55(092)  |v 3 
700 1 |a Чернов  |b В. Г.  |g Вадим Георгиевич 
702 1 |a Смирнов  |b В. И.  |4 340 
801 1 |a RU  |b 63413507  |c 20070207  |g PSBO 
801 2 |a RU  |b 63413507  |c 20191024  |g PSBO 
942 |c BK